00206nam a2200097 4500020001500000082001200015100001700027245003500044260002100079300000800100 a0471401455 a515 HIM aHimonas,Alex aCalculus: Ideas & applications bJohn Wileyc2003 a750